Normal view
MARC view
- DE-MTS-37 DECLASS
Entry Topical Term
001 - CONTROL NUMBER
- control field: 71476
003 - CONTROL NUMBER IDENTIFIER
- control field: NUST
005 - DATE AND TIME OF LATEST TRANSACTION
- control field: 20210628204636.0
008 - FIXED-LENGTH DATA ELEMENTS
- fixed length control field: 210628|| aca||aabn | a|a d
040 ## - CATALOGING SOURCE
- Original cataloging agency: NUST
- Transcribing agency: NUST
150 ## - HEADING--TOPICAL TERM
- Topical term or geographic name entry element: DE-MTS-37 DECLASS
670 ## - SOURCE DATA FOUND
- Source citation: Work cat.: (NUST): Suleman Tahir Hamza Azam Raja Muazzam Ali Umair Nadeem 71475, PR-SOF-1783-SMARTPHONE BASED ECG MONITORING SYSTEM, 2019
